000 00439nam a2200181Ia 4500
001 14716
005 20260306164934.0
008 260306t2013||||xx |||||||||||||| ||spa||
041 _aESP
082 _a516.3
_bS748
100 _aSiu Koochoy, Ricardo
_eAUT
245 0 _aGeometría analítica en dos dimensiones
260 _c2013
300 _a455 páginas :
_c22 cm.
650 _aGEN
654 _aCMA
942 _cLIB
_dJUS
_fJUS
_2ddc
_n
999 _c14716
_d14716